00295nam a2200109Ia 4500008004100000082001700041100001500058245005000073260003200123300000800155650002200163191201s2019 xx 000 0 und d a616.0756 AJH aAjmani,P.S 0aHandbook of Clinical Laboratory of Techniques bAITBS Pub.aNew Delhic2019 a276 aClinical Pharmacy